Представление документа в формате MARC21

Поле Инд. ПП Название Значение
Тип записи a
Библиографический уровень m
001 Контрольный номер RU/LIBMSTU/291832636
005 Дата корректировки 20170425122820.5
008 Кодируемые данные 090401|||||||||ru |||||||||||000|||rus||
020 a ISBN 978-5-7695-5591-6
c Цена, тираж 480-37
040 b Код языка каталог. rus
041 0_ a Код языка текста rus
084 a Индекс другой классификации/Индекс ББК 28.0
090 a Полочн. индекс 28
x Авторский знак М 22
100 1_ a Автор Мамонтов С. Г.
245 10 a Заглавие Биология
b Продолж. заглавия учебник для вузов
c Ответственность под ред. С. Г. Мамонтова
260 a Место издания Москва
b Издательство Академия
c Дата издания 2008
300 a Объем 567, [1] с.
b Иллюстрации/ тип воспроизводства ил. + цв. ил. (8 с.)
440 _0 a Серия Высшее профессиональное образование. Естественные науки
650 04 a Основная рубрика Биология-Учебные издания для высших учебных заведений
653 0_ a Ключевые слова Бактерии
a Ключевые слова Биология
a Ключевые слова Грибы
a Ключевые слова Живая материя
a Ключевые слова Животные
a Ключевые слова Многообразие жизни
a Ключевые слова Растения
700 12 a Другие авторы Захаров В. Б.
700 1_ a Другие авторы Козлова Т. А.
901 t Тип документа m
952 b Гриф литературы для ВШ Допущено МОиН РФ
c Вид литературы учебник